Protocoll des am ...

Bibliographic Details
Format: Journal
Language:German
PhysicalDescription:zv.
Published: Poszony [Carl Friedrich Wigand] [1882]
Subjects:

MARC

LEADER 00000cas a2200000 a 4500
001 vtls010272383
003 SK-MaSNL
005 20260505075747.0
008 110419d18821882xo ar|p 0 b0ger
040 |a SNK  |b slo  |c SNK  |e AACR2 
041 0 |a ger 
044 |a xo  |c SK 
072 7 |a 336.7  |x Financie  |2 konspekt 
080 |a 336.722  |2 2011 
080 |a 050  |2 2001 
245 0 0 |a Protocoll des am ... 
246 1 3 |a Protocoll der am ... abgehaltenen Generalversammlung der Actionare Pressburger Sparcasse 
260 |a Poszony  |b [Carl Friedrich Wigand]  |c [1882] 
300 |a zv. 
310 |a 1x ročne 
362 0 |a [1882] 
650 0 7 |a sporiteľne  |9 2271 
655 7 |a časopisy  |2 SNKPH  |9 76610 
752 |a Slovensko  |d Bratislava 
910 |a snk 
999 |c 5569  |d 7499 
952 |a SNK  |b SNK  |y PREZ  |7 0  |p 17A0692657  |o snkČSB 2151/1882  |i snkK 2578/72  |8 3  |0 0  |1 0  |4 0  |d 2011-04-19  |l 0  |r 2026-02-21 19:54:07  |w 2026-02-21